000 00695cas a2200205 4500
008 110617n eng u
020 _a9780821373699
035 _a(Sirsi) a173500
050 _aWB HD7164.K37:
_bKAS 2008
100 1 _aKasek, Leszek
245 _aSustainability of pension systems in the New EU Member States and Croatia/
_cLeszek, Kasek, Thomas Laursen and Emilia Skrok
260 _aWashington DC:
_bThe Worldbank,
_c2008
300 _av,40p.:
_bill.
504 _aIncludes bibliographical references
650 _aPensions--European union Countries
650 _aPensions---Croatia
700 _aLaursen, Thomas
700 _aSkrok, Emilia
710 _aThe Worldbank
999 _c116551
_d116551